Finanční krize a soustava řízení Baťa: Makro- a mikro- reakce na krizové prostředí

F. D. Roosevelt a kríza. Sústava riadenia - Tomáš Baťa. Z "krízových myšlienok" Tomáša Baťu. Obdobie Tomáša Baťu počas svetovej hospodárskej krízy. Z "krízových myšlienok" Jána Baťu.

Saved in:
Bibliographic Details
Main Author: Zelený, Milan
Format: Book Chapter
Language:Czech
Subjects:
Tags: Add Tag
No Tags, Be the first to tag this record!

MARC

LEADER 00000nla$a2200000$$$4500
001 0133865
005 20240209070359.9
041 0 |a cze 
044 |a CZ 
245 1 0 |a Finanční krize a soustava řízení Baťa: Makro- a mikro- reakce na krizové prostředí  |c Milan Zelený 
520 |a F. D. Roosevelt a kríza. Sústava riadenia - Tomáš Baťa. Z "krízových myšlienok" Tomáša Baťu. Obdobie Tomáša Baťu počas svetovej hospodárskej krízy. Z "krízových myšlienok" Jána Baťu. 
610 2 0 |a riadenie podnikové 
610 2 0 |a batizmus 
610 2 0 |a kríza finančná 
610 2 0 |a kríza hospodárska 
610 2 0 |a systémy riadenia 
100 1 |a Zelený, Milan